000
00407nam a2200169Ia 4500
008
090711s9999 xx 000 0 und d
082
_b
58363
100
_a
थोरे अशोक
245
_a
अटॅक
260
_c
1987
300
_a
158
600
_a
थोरे अशोक
630
_a
अटॅक
700
_a
थोरे अशोक
730
_a
अटॅक
942
_c
BOOK
999
_c
303624
_d
303624